Villes européennes par population vers 1600 - Statistiques

Statistiques générales
  • Ce quiz a été pris 249 fois
  • Le résultat moyen est 24 sur 40
Statistiques - réponses
Rang Pays actuel Estimation basse Estimation haute Ville % Correct
1 France 220 000 300 001 Paris
100%
9 Italie 100 000 100 000 Rome
99%
3 Royaume-Uni 187 000 225 000 Londres
98%
18 Espagne 57 000 65 000 Madrid
95%
5 Portugal 130 000 165 000 Lisbonne
94%
7 Italie 120 000 120 000 Milan
94%
10 Russie 80 000 80 000 Moscou
94%
2 Italie 200 000 275 000 Naples
94%
21 Pays-Bas 54 000 72 000 Amsterdam
88%
4 Italie 151 000 151 000 Venise
85%
25 Belgique 50 000 50 000 Bruxelles
83%
6 Espagne 121 000 135 000 Séville
83%
24 Autriche 50 000 60 000 Vienne
83%
28 République Tchèque 47 000 100 000 Prague
80%
19 Serbie 55 000 55 000 Belgrade
76%
11 Italie 75 000 76 000 Florence
76%
30 Bosnie-Herzégovine 45 000 45 000 Sarajevo
74%
35 France 40 000 40 000 Bordeaux
68%
13 Espagne 65 000 65 000 Valence
68%
29 Belgique 47 000 47 000 Anvers
65%
38 Danemark 40 000 40 000 Copenhague
65%
20 Macédoine du Nord 55 000 55 000 Skopje
65%
16 Italie 63 000 63 000 Gênes
64%
37 Allemagne 40 000 40 000 Hambourg
63%
8 Italie 105 000 105 000 Palerme
63%
15 Italie 63 000 63 000 Bologne
52%
27 Grèce 50 000 50 000 Thessalonique
50%
36 Allemagne 40 000 40 000 Cologne
47%
12 Espagne 69 000 69 000 Grenade
44%
22 Pologne 50 000 80 000 Gdansk
41%
17 France 60 000 70 000 Rouen
37%
40 France 40 000 70 000 Orléans
34%
31 Italie 45 000 45 000 Vérone
29%
23 Espagne 50 000 80 000 Tolède
22%
39 Allemagne 40 000 40 000 Nuremberg
17%
33 Espagne 41 000 41 000 Valladolid
16%
26 Italie 50 000 50 000 Messine
11%
14 Russie 64 000 64 000 Smolensk
5%
34 Allemagne 40 000 48 000 Augsbourg
2%
32 Pays-Bas 44 000 44 000 Leyde
2%
Aucun quiz correspondant
Distribution des résultats
% des personnes avec chaque résultat
Percentile par nombre de réponses
Votre historique - résultats
Vous n’avez pas pris ce quiz